Teuerste Zugänge von FC Chelsea - Statistiken

Allgemein
  • Dieses Quiz wurde 43 mal gespielt
  • Das Durchschnittsergebnis liegt bei 7 aus 15
Antwortstatistiken
Hint Antwort % Korrekt
2 Moises Caicedo
83%
1 Enzo Fernandez
78%
5 Kai Havertz
69%
3 Romelu Lukaku
67%
7 Mudryk
64%
9 Marc Cucurella
56%
14 Fernando Torres
53%
11 Romeo Lavia
36%
4 Wesley Fofana
36%
12 Christopher Nkunku
33%
10 Christian Pulisic
28%
6 Kepa Arrizabalaga
28%
13 Pedro Neto
28%
8 Alvaro Morata
25%
15 Jorginho
11%
Keine übereinstimmenden Quizze gefunden
Verteilung der Resultate
Anzahl Personen mit jedem Resultat
Perzentil nach korrekt beantworteten Fragen
Ihre Resultats-Entwicklung
Sie haben dieses Quiz noch nicht gespielt